[Event "18th Voronezh Master Open 2014"]
[Site "Voronezh RUS"]
[Date "2014.06.16"]
[Round "5.6"]
[White "Zontakh, Andrey"]
[Black "Kryakvin, Dmitry"]
[Result "1-0"]
[WhiteTitle "GM"]
[BlackTitle "GM"]
[WhiteElo "2533"]
[BlackElo "2581"]
[WhiteFideId "14101130"]
[BlackFideId "4153278"]
[EventDate "2014.06.12"]

1. d4 Nf6 2. c4 e6 3. Nf3 Bb4+ 4. Bd2 a5 5. g3 b6 6. Bg2 Bb7 7. O-O O-O 8. Bg5
Be7 9. Qc2 Na6 10. Bxf6 Bxf6 11. Ng5 Bxg5 12. Bxb7 Nb4 13. Qa4 Rb8 14. Bg2 Bf6
15. Rd1 c6 16. Nc3 b5 17. cxb5 cxb5 18. Nxb5 Qb6 19. Nc3 Bxd4 20. e3 Bxe3 21.
fxe3 Qxe3+ 22. Kf1 d5 23. Re1 Qh6 24. Rad1 Qxh2 25. a3 Na2 26. Ne2 Rxb2 27. Qxa5
Qh6 28. Nf4 Rb3 29. Rd3 Rxd3 30. Nxd3 Qf6+ 31. Kg1 Qd4+ 32. Nf2 Nc3 33. Qb4 Qd2
34. Kf1 h6 35. a4 Ra8 36. a5 Qc2 37. Bf3 Na2 38. Qa3 Qd2 39. a6 Nc3 40. Ra1 Nb5
41. Qb3 Qd4 42. Ra4 Qc5 43. Rb4 Na7 44. Rb8+ Rxb8 45. Qxb8+ Kh7 46. Qb7 Kg8 47.
Nd3 Qe3 48. Kg2 Qd2+ 49. Nf2 Qd4 50. Qb8+ Kh7 51. Qe8 Kg6 52. Bh5+ 1-0

[Event "18th Voronezh Master Open 2014"]
[Site "Voronezh RUS"]
[Date "2014.06.16"]
[Round "5.7"]
[White "Chigaev, Maksim"]
[Black "Fedorov, Alexei"]
[Result "0-1"]
[WhiteTitle "IM"]
[BlackTitle "GM"]
[WhiteElo "2496"]
[BlackElo "2574"]
[WhiteFideId "4108116"]
[BlackFideId "13500465"]
[EventDate "2014.06.12"]

1. e4 c5 2. Nf3 e6 3. d4 cxd4 4. Nxd4 a6 5. Bd3 Bc5 6. Nb3 Be7 7. Qg4 g6 8. Qe2
d6 9. O-O Nd7 10. a4 Ne5 11. a5 Nf6 12. Bh6 Nfg4 13. Bg7 Rg8 14. Bxe5 Nxe5 15.
f4 Nxd3 16. cxd3 b5 17. Nc3 Bb7 18. g3 Qd7 19. f5 gxf5 20. exf5 Qc6 21. Ne4 Qd5
22. fxe6 fxe6 23. Qf2 e5 24. Qb6 Rg6 25. Rac1 Rc8 26. Rxc8+ Bxc8 27. Rc1 Bd7 28.
Qb8+ Bd8 29. Rc3 Ke7 30. Qa7 h5 31. Qe3 h4 32. d4 Bc6 33. Nbd2 exd4 0-1

[Event "18th Voronezh Master Open 2014"]
[Site "Voronezh RUS"]
[Date "2014.06.16"]
[Round "5.8"]
[White "Predke, Alexandr"]
[Black "Kharitonov, Alexandr"]
[Result "1/2-1/2"]
[BlackTitle "GM"]
[WhiteElo "2491"]
[BlackElo "2558"]
[WhiteFideId "24107581"]
[BlackFideId "4135202"]
[EventDate "2014.06.12"]

1. e4 c6 2. d4 d5 3. Nc3 dxe4 4. Nxe4 Bf5 5. Ng3 Bg6 6. h4 h6 7. Nf3 Nd7 8. h5
Bh7 9. Bd3 Bxd3 10. Qxd3 e6 11. Bd2 Ngf6 12. O-O-O Be7 13. Kb1 O-O 14. Ne4 Nxe4
15. Qxe4 Nf6 16. Qe2 Qd5 17. Be3 Rad8 18. Ne5 Nd7 19. c4 Qe4+ 20. Qc2 Qxc2+ 21.
Kxc2 a6 22. Rd3 Nxe5 23. dxe5 Rxd3 24. Kxd3 Rd8+ 25. Ke4 f5+ 26. exf6 Bxf6 27.
b3 Kf7 28. g4 Bc3 29. Rc1 Bb4 30. f4 Bf8 31. Rg1 g6 32. hxg6+ Kxg6 33. Rh1 Bg7
34. b4 Rd7 35. Rb1 Rd8 36. a4 h5 37. gxh5+ Kxh5 38. Rg1 Bf6 39. f5 Re8 40. Bc5
Bb2 41. Rg2 Ba1 42. Bd6 exf5+ 43. Kxf5 Kh6 44. a5 Kh7 45. Rd2 Kg8 46. Bc5 Re5+
47. Kf4 Re1 48. Rd8+ Kf7 49. Rd7+ Kf6 50. Rxb7 Rc1 51. Rb6 Rxc4+ 52. Ke3 Ke5 53.
Rxc6 Bd4+ 54. Kd3 Rc3+ 55. Kd2 Rc4 56. Bxd4+ Rxd4+ 57. Kc3 Rd6 58. Rc7 Kd5 59.
Rc5+ Ke6 60. Rc7 Kd5 61. Rc5+ Ke6 62. Rh5 Kd7 63. Rh7+ Kc8 64. Kc4 Kb8 65. Kc5
Rg6 66. Rd7 Rh6 67. Rd6 Rh5+ 68. Rd5 Rh6 69. Re5 Rg6 70. Kd5 Rh6 71. Re8+ Kb7
72. Re7+ Kb8 73. Re6 Rh5+ 74. Re5 Rh6 75. Kc5 Rg6 76. Re8+ Kb7 77. Re7+ Kb8 78.
Rd7 Rh6 79. Rd6 Rh5+ 80. Kb6 Rb5+ 81. Kxa6 Rxb4 82. Rb6+ Rxb6+ 83. axb6 Ka8 84.
b7+ Kb8 85. Kb6 1/2-1/2

[Event "18th Voronezh Master Open 2014"]
[Site "Voronezh RUS"]
[Date "2014.06.16"]
[Round "5.9"]
[White "Brodsky, Michail"]
[Black "Munguntuul, Batkhuyag"]
[Result "1-0"]
[WhiteTitle "GM"]
[BlackTitle "IM"]
[WhiteElo "2556"]
[BlackElo "2411"]
[WhiteFideId "14100932"]
[BlackFideId "4900758"]
[EventDate "2014.06.12"]

1. d4 d5 2. c4 c6 3. Nc3 Nf6 4. e3 Bf5 5. cxd5 cxd5 6. Qb3 Bc8 7. f4 e6 8. Nf3
Nc6 9. Bd3 Be7 10. O-O O-O 11. Bd2 Bd7 12. Ne5 Be8 13. Rac1 Nd7 14. Nxc6 bxc6
15. Na4 f5 16. Bb4 Rb8 17. Bxe7 Rxb3 18. Bxd8 Rxd3 19. Rfe1 Nb6 20. Bxb6 axb6
21. Rcd1 Rxd1 22. Rxd1 Rf7 23. Nxb6 Ra7 24. Rd3 Rxa2 25. Rb3 Kf8 26. Nc8 Bd7 27.
Nd6 Ra1+ 28. Kf2 Ra8 29. Nb7 Rb8 30. Nc5 Rxb3 31. Nxb3 Ke7 32. Nc5 h6 33. Ke2
Be8 34. Kd2 Bh5 35. Nd3 Kd6 36. Ne5 c5 37. b3 Be8 38. Kc3 Bb5 39. dxc5+ Kxc5 40.
b4+ Kd6 41. Nf3 Be8 42. Kd4 Bb5 43. Nd2 Ba4 44. Nb1 Bb5 45. Nc3 Bd7 46. h3 Be8
47. h4 Bd7 48. g3 Be8 49. b5 Bd7 50. b6 Kc6 51. Ke5 Kxb6 52. Kd6 Bc8 53. h5 Ka5
54. Kc5 Ba6 55. Na2 Be2 56. Nb4 Bxh5 57. Nc6+ Ka4 58. Nd8 Kb3 59. Nxe6 Kc3 60.
Nxg7 Bg6 61. Kxd5 Kd3 62. Ke5 Kxe3 63. Nxf5+ Kf2 64. g4 h5 65. g5 Be8 66. Ng7 h4
67. Nxe8 h3 68. Nf6 Kf3 69. Ng4 1-0

[Event "18th Voronezh Master Open 2014"]
[Site "Voronezh RUS"]
[Date "2014.06.16"]
[Round "5.10"]
[White "Ponomarev, Dmitry"]
[Black "Mozharov, Mikhail"]
[Result "1-0"]
[WhiteTitle "IM"]
[BlackTitle "GM"]
[WhiteElo "2396"]
[BlackElo "2552"]
[WhiteFideId "24112046"]
[BlackFideId "4189825"]
[EventDate "2014.06.12"]

1. c4 Nf6 2. g3 g6 3. Bg2 Bg7 4. Nc3 O-O 5. e3 c6 6. d4 d5 7. cxd5 cxd5 8. Nge2
Nc6 9. O-O Bf5 10. Nf4 e6 11. h3 g5 12. Nd3 h6 13. b3 Rc8 14. Bb2 b6 15. Rc1 Ne4
16. Ba3 Re8 17. Nxe4 dxe4 18. Nb2 Qd5 19. Nc4 Red8 20. Qe2 Bg6 21. f3 Rc7 22.
Kh2 exf3 23. Bxf3 Qd7 24. Qg2 Ne7 25. Nd6 Rxc1 26. Rxc1 e5 27. e4 h5 28. d5 f5
29. Be2 a6 30. Bxa6 fxe4 31. Nxe4 Ra8 32. Bxe7 Rxa6 33. Nf6+ Bxf6 34. Bxf6 Ra5
35. d6 e4 36. Rc7 Qxd6 37. Rg7+ Kf8 38. Rxg6 Kf7 39. Rh6 Rf5 40. Bxg5 Qd4 41.
Bf4 e3 1-0

[Event "18th Voronezh Master Open 2014"]
[Site "Voronezh RUS"]
[Date "2014.06.18"]
[Round "6.1"]
[White "Artemiev, Vladislav"]
[Black "Ponkratov, Pavel"]
[Result "1/2-1/2"]
[WhiteTitle "GM"]
[BlackTitle "GM"]
[WhiteElo "2647"]
[BlackElo "2595"]
[WhiteFideId "24101605"]
[BlackFideId "4157800"]
[EventDate "2014.06.12"]

1. e4 e5 2. Nf3 Nc6 3. Nc3 Nf6 4. Bb5 Bb4 5. O-O O-O 6. d3 Bxc3 7. bxc3 d6 8.
Bg5 Qe7 9. Re1 Nd8 10. d4 Ne6 11. Bd2 Rd8 12. h3 c5 13. a4 Qc7 14. d5 Nf8 15.
Bf1 Ng6 16. Nh2 Qe7 17. g3 Rf8 18. Bg2 Nd7 19. h4 h6 20. Ng4 Nf6 21. Ne3 Re8 22.
c4 a5 23. Qe2 Qd8 24. Ra3 Nf8 25. Rb1 Ra6 26. Kh2 Qc7 27. Qf3 Ng6 28. Bh3 Bxh3
29. Kxh3 Rb6 30. Rxb6 Qxb6 31. Rb3 Qc7 32. Nf5 Nh7 33. Kg2 Ra8 34. Rb5 Ne7 35.
Bxa5 Qd7 36. Nxe7+ Qxe7 37. Qb3 Ra7 38. Bb6 Ra8 39. Ba5 Ra7 40. Bd2 Nf6 41. f3
Kf8 42. a5 Qd7 43. Be1 Ke7 44. Rb6 Kf8 45. Kf2 Qc7 46. a6 bxa6 47. Ba5 Ne8 48.
Ke2 Ra8 49. Rxa6 Qc8 50. Rxa8 Qxa8 51. Qb6 Ke7 52. Kd3 g6 53. f4 exf4 54. gxf4
Qc8 55. Bd2 Qh3+ 56. Be3 Qf1+ 57. Kc3 Qe1+ 58. Kd3 Qf1+ 59. Kd2 Qg2+ 60. Kd3
Qf1+ 1/2-1/2

[Event "18th Voronezh Master Open 2014"]
[Site "Voronezh RUS"]
[Date "2014.06.18"]
[Round "6.2"]
[White "Fedorov, Alexei"]
[Black "Ponomarev, Dmitry"]
[Result "1-0"]
[WhiteTitle "GM"]
[BlackTitle "IM"]
[WhiteElo "2574"]
[BlackElo "2396"]
[WhiteFideId "13500465"]
[BlackFideId "24112046"]
[EventDate "2014.06.12"]

1. e4 d6 2. d4 Nf6 3. f3 e5 4. d5 Be7 5. Be3 Nh5 6. Qd2 h6 7. Nc3 Bg5 8. g3 O-O
9. Nh3 Bxe3 10. Qxe3 f5 11. exf5 Bxf5 12. O-O-O Bh7 13. Be2 Qd7 14. Nf2 Qf7 15.
Rhf1 Nd7 16. Qd2 Nc5 17. Nd3 Nxd3+ 18. Bxd3 Qd7 19. Bxh7+ Kxh7 20. Qe2 Qh3 21.
f4 exf4 22. g4 Nf6 23. Rxf4 Rae8 24. Qd3+ Qxd3 25. Rxd3 Re1+ 26. Rd1 Rfe8 27.
Rc4 R8e7 28. a4 Kg6 29. h4 Rxd1+ 30. Kxd1 h5 31. gxh5+ Kxh5 32. a5 a6 33. Kd2
Ng4 34. Rb4 Kxh4 35. Rxb7 Ne5 36. b4 Nf3+ 37. Kc1 g5 38. b5 g4 39. bxa6 g3 40.
a7 Re8 41. Ne2 Rxe2 42. a8=Q g2 43. Rb4+ Kg3 44. Qg8+ Kf2 45. a6 1-0

[Event "18th Voronezh Master Open 2014"]
[Site "Voronezh RUS"]
[Date "2014.06.18"]
[Round "6.3"]
[White "Leon Hoyos, Manuel"]
[Black "Brodsky, Michail"]
[Result "0-1"]
[WhiteTitle "GM"]
[BlackTitle "GM"]
[WhiteElo "2515"]
[BlackElo "2556"]
[WhiteFideId "5105269"]
[BlackFideId "14100932"]
[EventDate "2014.06.12"]

1. g3 e5 2. c4 Nf6 3. Bg2 d5 4. cxd5 Nxd5 5. Nf3 Nc6 6. O-O Be7 7. d3 O-O 8. a3
a5 9. Nc3 Be6 10. Nxd5 Bxd5 11. Be3 a4 12. Rc1 Qd7 13. Bc5 Rfe8 14. Qc2 Ra5 15.
Be3 Bd8 16. Qc3 Rb5 17. Rfe1 Bf6 18. Qd2 Nd4 19. Bxd4 exd4 20. Qf4 c6 21. Rc2
Bb3 22. Rcc1 Bd5 23. Rc2 Bb3 24. Rcc1 Be6 25. Rc2 h6 26. Qc1 Be7 27. Qd2 Bb3 28.
Rcc1 Bf6 29. Rb1 g5 30. h4 Kg7 31. hxg5 hxg5 32. e4 dxe3 33. fxe3 Ba2 34. d4
Bxb1 35. Rxb1 g4 36. Ne1 Rxe3 37. Nc2 Rxg3 38. Qf4 Rd3 39. Be4 Bg5 40. Qh2 Rh3
41. Qg2 Rbb3 42. Qf2 Rbg3+ 43. Bg2 Qd6 0-1

[Event "18th Voronezh Master Open 2014"]
[Site "Voronezh RUS"]
[Date "2014.06.18"]
[Round "6.5"]
[White "Prizant, Jaroslav"]
[Black "Popov, Ivan RUS"]
[Result "1/2-1/2"]
[WhiteTitle "IM"]
[BlackTitle "GM"]
[WhiteElo "2516"]
[BlackElo "2650"]
[WhiteFideId "4140664"]
[BlackFideId "4170350"]
[EventDate "2014.06.12"]

1. d4 Nf6 2. c4 b6 3. Nf3 Bb7 4. e3 g6 5. Be2 Bg7 6. O-O O-O 7. Nc3 d5 8. b4
dxc4 9. Bxc4 Nbd7 10. Rb1 Ne4 11. Nxe4 Bxe4 12. Bd3 Bxf3 13. gxf3 e5 14. dxe5
Nxe5 15. Be2 Qg5+ 16. Kh1 Qf5 17. e4 Qh3 18. Rb3 Nc6 19. f4 Qe6 20. f5 Qxe4+ 21.
Bf3 Qc4 22. Bd5 Qb5 23. a4 Qxa4 24. f6 Bxf6 25. Rf3 Qxd1 26. Rxd1 Rad8 27. Rxf6
Nxb4 28. Bxf7+ Kg7 29. Rxd8 Rxd8 30. Bb2 Kh6 31. Bc1+ Kg7 32. Bb2 Kh6 33. Bc4
Nd3 34. Bxd3 Rxd3 35. Rf7 g5 36. Kg2 Rb3 37. Be5 c5 38. Rxa7 Kg6 39. f3 h5 40.
h4 gxh4 41. f4 1/2-1/2

[Event "18th Voronezh Master Open 2014"]
[Site "Voronezh RUS"]
[Date "2014.06.18"]
[Round "6.6"]
[White "Kokarev, Dmitry"]
[Black "Gavrilov, Alexei1"]
[Result "1/2-1/2"]
[WhiteTitle "GM"]
[BlackTitle "GM"]
[WhiteElo "2628"]
[BlackElo "2491"]
[WhiteFideId "4132181"]
[BlackFideId "4104358"]
[EventDate "2014.06.12"]

1. e4 c6 2. d4 d5 3. Nc3 dxe4 4. Nxe4 Bf5 5. Ng3 Bg6 6. h4 h6 7. Nf3 Nd7 8. h5
Bh7 9. Bd3 Bxd3 10. Qxd3 e6 11. Bd2 Ngf6 12. O-O-O Be7 13. Ne4 Nxe4 14. Qxe4 Nf6
15. Qd3 O-O 16. g4 Nxg4 17. Rhg1 Nxf2 18. Qe2 Nxd1 19. Bxh6 Bf6 20. Bxg7 Bxg7
21. h6 Qf6 22. Qh2 Qxf3 23. hxg7 Qe3+ 24. Kb1 Nc3+ 25. bxc3 Qxg1+ 26. Qxg1 Rfd8
27. Qg5 Kh7 28. Qf6 Rd7 29. Kb2 Rg8 30. Qh4+ Kxg7 31. Qg3+ Kh7 32. Qh4+ Kg7 33.
Qg3+ Kh7 34. Qh4+ Kg7 1/2-1/2

[Event "18th Voronezh Master Open 2014"]
[Site "Voronezh RUS"]
[Date "2014.06.18"]
[Round "6.8"]
[White "Predke, Alexandr"]
[Black "Rakhmanov, Aleksandr"]
[Result "1/2-1/2"]
[BlackTitle "GM"]
[WhiteElo "2491"]
[BlackElo "2614"]
[WhiteFideId "24107581"]
[BlackFideId "4173708"]
[EventDate "2014.06.12"]

1. e4 e6 2. d4 d5 3. Nc3 dxe4 4. Nxe4 Bd7 5. Nf3 Bc6 6. Bd3 Nd7 7. O-O Ngf6 8.
Ng3 Be7 9. b3 O-O 10. Bb2 Bxf3 11. Qxf3 c6 12. Rfe1 Re8 13. Rad1 Qa5 14. a3 Rad8
15. c4 a6 16. Ne4 Nxe4 17. Qxe4 g6 18. Bf1 Bf6 19. b4 Qf5 20. Qe2 Nb6 21. g3 Bg7
22. Bg2 Nc8 23. a4 Ne7 24. a5 Nc8 25. b5 cxb5 26. cxb5 Qxb5 27. Qxb5 axb5 28.
Bxb7 Nd6 29. Bc6 Re7 30. Ba3 Rc7 31. Bxd6 Rxd6 32. d5 Bc3 33. dxe6 Rxd1 34. Rxd1
Bxa5 35. exf7+ Kxf7 36. Bxb5 Rc2 37. Rd7+ Kg8 38. Ba4 Rb2 39. Bc6 Bb6 40. Bd5+
Kh8 41. Rf7 Rd2 42. Bc4 Rc2 43. Ba6 Rc6 44. Bb5 Rc5 45. Bd3 Rd5 46. Bc2 Rc5 47.
Bd3 Rd5 48. Be2 Rf5 49. Rxf5 gxf5 50. Bd3 f4 51. g4 h6 52. Kg2 Kg7 53. Kf3 Ba7
54. h4 Bb6 55. g5 hxg5 56. hxg5 Bc7 57. Kg4 Bb8 1/2-1/2

[Event "18th Voronezh Master Open 2014"]
[Site "Voronezh RUS"]
[Date "2014.06.18"]
[Round "6.9"]
[White "Alekseenko, Kirill"]
[Black "Timofeev, Artyom"]
[Result "1/2-1/2"]
[WhiteTitle "FM"]
[BlackTitle "GM"]
[WhiteElo "2464"]
[BlackElo "2603"]
[WhiteFideId "4135539"]
[BlackFideId "4140419"]
[EventDate "2014.06.12"]

1. e4 c5 2. Nf3 e6 3. d4 cxd4 4. Nxd4 Nc6 5. Nc3 Qc7 6. Be2 Nf6 7. O-O a6 8. Be3
Be7 9. f4 d6 10. Qe1 O-O 11. Qg3 Nxd4 12. Bxd4 b5 13. a3 Bb7 14. Kh1 Rad8 15.
Rae1 Rd7 16. Bd3 Re8 17. Re2 Qd8 18. Qh3 h6 19. Re3 Bf8 20. Rg3 Kh8 21. a4 e5
22. fxe5 dxe5 23. Be3 b4 24. Rxf6 Qxf6 25. Qxd7 Bc6 26. Nd5 Bxd7 27. Nxf6 gxf6
28. b3 a5 29. Kg1 Rc8 30. Kf1 Kh7 31. Ke1 Bc5 32. Bxc5 Rxc5 33. Kd2 Bc6 34. Re3
Kg6 35. Bc4 f5 36. Rg3+ Kf6 37. exf5 h5 38. h4 Bxa4 39. Rg8 Bb5 40. Bxb5 Rxb5
41. Rg5 Rb8 42. Ke3 Rh8 43. Kf3 Ke7 44. Ke4 1/2-1/2

[Event "18th Voronezh Master Open 2014"]
[Site "Voronezh RUS"]
[Date "2014.06.18"]
[Round "6.10"]
[White "Kharitonov, Alexandr"]
[Black "Paravyan, David"]
[Result "1/2-1/2"]
[WhiteTitle "GM"]
[BlackTitle "IM"]
[WhiteElo "2558"]
[BlackElo "2433"]
[WhiteFideId "4135202"]
[BlackFideId "4194985"]
[EventDate "2014.06.12"]

1. d4 Nf6 2. c4 e6 3. Nc3 Bb4 4. Nf3 O-O 5. e3 d5 6. Bd3 c5 7. O-O cxd4 8. exd4
dxc4 9. Bxc4 b6 10. Bg5 Bb7 11. Rc1 h6 12. Bh4 Nc6 13. a3 Be7 14. Bg3 Nh5 15. d5
exd5 16. Nxd5 Nxg3 17. hxg3 Bg5 18. Rc3 Bf6 19. Rc2 Rc8 20. Ba2 Ne5 21. Rxc8
Bxc8 22. Nxf6+ Qxf6 23. Nxe5 Qxe5 24. Qd2 Re8 25. Bd5 Bf5 26. Bf3 Qf6 27. Rd1
Rc8 28. Rc1 Rxc1+ 29. Qxc1 a5 30. Qd2 Kh7 31. Be2 Bg6 32. Bd3 Qe5 33. Bxg6+ fxg6
34. g4 Qc5 35. Kh2 Qc7+ 36. Kg1 b5 37. f3 Qc5+ 38. Kf1 Qc4+ 39. Kf2 b4 40. axb4
axb4 41. Ke3 b3 42. Qd4 Qc2 43. Qd2 1/2-1/2

[Event "18th Voronezh Master Open 2014"]
[Site "Voronezh RUS"]
[Date "2014.06.19"]
[Round "7.1"]
[White "Brodsky, Michail"]
[Black "Artemiev, Vladislav"]
[Result "1/2-1/2"]
[WhiteTitle "GM"]
[BlackTitle "GM"]
[WhiteElo "2556"]
[BlackElo "2647"]
[WhiteFideId "14100932"]
[BlackFideId "24101605"]
[EventDate "2014.06.12"]

1. d4 d5 2. c4 c6 3. Nc3 Nf6 4. e3 e6 5. Nf3 Nbd7 6. Qc2 Bd6 7. b3 O-O 8. Bb2 e5
9. Be2 dxc4 10. bxc4 exd4 11. exd4 Re8 12. O-O Nf8 13. Rfe1 Bg4 14. h3 Bh5 15.
Rad1 Ne6 16. g3 Qc7 17. Kg2 Rad8 18. Nh4 Bxe2 19. Rxe2 Nh5 20. Nf5 Bf8 21. d5
Nef4+ 22. gxf4 Nxf4+ 23. Kh1 Nxe2 24. Nxe2 cxd5 25. Rg1 g6 26. Qc3 d4 27. Nexd4
Qe5 28. Qf3 Qe4 29. Ng3 Qxf3+ 30. Nxf3 Bg7 31. Bxg7 Kxg7 32. Nf5+ Kf8 33. Ne3
Rd3 34. Rb1 b6 35. Kg2 Kg7 36. Rb2 h6 37. Rc2 Re6 38. Ne1 Rd4 39. Nf3 Rd3 40.
Ne1 Rd7 41. Nf3 1/2-1/2

[Event "18th Voronezh Master Open 2014"]
[Site "Voronezh RUS"]
[Date "2014.06.19"]
[Round "7.2"]
[White "Ponkratov, Pavel"]
[Black "Fedorov, Alexei"]
[Result "0-1"]
[WhiteTitle "GM"]
[BlackTitle "GM"]
[WhiteElo "2595"]
[BlackElo "2574"]
[WhiteFideId "4157800"]
[BlackFideId "13500465"]
[EventDate "2014.06.12"]

1. e4 c5 2. Nf3 e6 3. d4 cxd4 4. Nxd4 a6 5. Be2 Nf6 6. Nc3 Qc7 7. O-O Bc5 8. Bg5
Nc6 9. Nxc6 bxc6 10. Kh1 Be7 11. f4 d5 12. e5 Ng8 13. Bxe7 Nxe7 14. Na4 c5 15.
c4 d4 16. b4 cxb4 17. Qxd4 Bb7 18. Qd6 Rc8 19. Nb6 Nf5 20. Qxb4 a5 21. Qxa5 O-O
22. Rf2 Rfd8 23. Kg1 Ra8 24. Qb4 Rab8 25. Rb1 Be4 26. Rb2 g5 27. fxg5 Qxe5 28.
Bh5 Qg7 29. h4 Nxh4 30. Qe7 Bg6 31. Bxg6 Rd1+ 32. Kh2 Nxg6 33. Qf6 Ne5 34. Qxg7+
Kxg7 35. Rfe2 Nc6 36. a4 Kg6 37. Re3 Kxg5 38. Rb5+ f5 39. Rg3+ Kf6 40. Ra3 Rd2
41. c5 Rg8 42. Rg3 Rxg3 43. Kxg3 Ne5 44. Rb4 Kg5 45. a5 Ng4 46. Rf4 h5 47. Nc4
h4+ 48. Kh3 Rc2 0-1

[Event "18th Voronezh Master Open 2014"]
[Site "Voronezh RUS"]
[Date "2014.06.19"]
[Round "7.4"]
[White "Zontakh, Andrey"]
[Black "Pavlov, Sergey2"]
[Result "1/2-1/2"]
[WhiteTitle "GM"]
[BlackTitle "IM"]
[WhiteElo "2533"]
[BlackElo "2470"]
[WhiteFideId "14101130"]
[BlackFideId "14114330"]
[EventDate "2014.06.12"]

1. d4 Nf6 2. c4 g6 3. Nc3 Bg7 4. e4 d6 5. Nf3 O-O 6. Be2 e5 7. Be3 exd4 8. Nxd4
Re8 9. f3 c6 10. Bf2 d5 11. exd5 cxd5 12. O-O Nc6 13. c5 Re5 14. Re1 Qf8 15. Qb3
Qxc5 16. Nxc6 Qxc6 17. Nb5 a6 18. Rac1 axb5 19. Rxc6 bxc6 20. Qc2 Bd7 21. Ra1
Rc8 22. Bf1 Ree8 23. Rd1 Bf5 24. Bd3 Be6 25. Bd4 c5 26. Bxc5 Nd7 27. b4 Nxc5 28.
bxc5 Bd4+ 29. Kf1 Rxc5 30. Qd2 Bc3 31. Qf4 d4 32. Qd6 Rec8 33. a3 Bb3 34. Rb1
Bc4 35. Rd1 Bb3 36. Rb1 Bc4 37. Rd1 R8c6 38. Qd7 Kg7 39. Kf2 Rc7 40. Qd6 R7c6
41. Qe7 Rc7 1/2-1/2

[Event "18th Voronezh Master Open 2014"]
[Site "Voronezh RUS"]
[Date "2014.06.19"]
[Round "7.5"]
[White "Popov, Ivan RUS"]
[Black "Predke, Alexandr"]
[Result "0-1"]
[WhiteTitle "GM"]
[WhiteElo "2650"]
[BlackElo "2491"]
[WhiteFideId "4170350"]
[BlackFideId "24107581"]
[EventDate "2014.06.12"]

1. e4 e5 2. Nf3 Nc6 3. Bb5 a6 4. Ba4 Nf6 5. O-O Be7 6. d3 d6 7. c3 O-O 8. Re1 b5
9. Bc2 d5 10. Nbd2 dxe4 11. dxe4 Be6 12. Qe2 Qc8 13. a4 Qb7 14. b4 Bd6 15. h3 h6
16. Nb3 Bc4 17. Qe3 a5 18. Nxa5 Nxa5 19. bxa5 Rxa5 20. Nd2 Be6 21. Rb1 c6 22. c4
Qc7 23. c5 Be7 24. axb5 Rxb5 25. Ba3 Nd7 26. Rxb5 cxb5 27. Nb3 Rc8 28. Rb1 Nxc5
29. Nxc5 Bxc5 30. Bxc5 Qxc5 31. Qxc5 Rxc5 32. Bd3 Bd7 33. Kf1 Kf8 34. Ra1 Ke7
35. Ke2 Kd6 36. Ra8 Kc7 37. h4 b4 38. Ra7+ Kc6 39. g3 Be6 40. f4 exf4 41. gxf4
Bc4 42. Bxc4 Rxc4 43. Kd3 Rc5 44. Rxf7 b3 45. Rf8 Rb5 46. Rc8+ Kd6 47. Rc1 b2
48. Rb1 Rb4 49. Kc3 Rxe4 50. Rxb2 Ke6 51. Rg2 Kf6 52. Rg4 Re7 53. h5 Rd7 54.
Rg6+ Kf5 55. Kc4 Ke4 56. Re6+ Kxf4 57. Rg6 Ke5 58. Kc3 Ke4 59. Re6+ Kf3 60. Rg6
Re7 61. Kd3 Re3+ 62. Kd4 Re4+ 63. Kd5 Rg4 64. Ke6 Rg5 65. Kf7 Kg4 66. Re6 Kxh5 0-1

[Event "18th Voronezh Master Open 2014"]
[Site "Voronezh RUS"]
[Date "2014.06.19"]
[Round "7.6"]
[White "Demidov, Mikhail"]
[Black "Kokarev, Dmitry"]
[Result "0-1"]
[WhiteTitle "IM"]
[BlackTitle "GM"]
[WhiteElo "2512"]
[BlackElo "2628"]
[WhiteFideId "4197143"]
[BlackFideId "4132181"]
[EventDate "2014.06.12"]

1. d4 Nf6 2. Bg5 Ne4 3. Bf4 c5 4. f3 Qa5+ 5. c3 Nf6 6. Nd2 cxd4 7. Nb3 Qd8 8.
cxd4 d5 9. e3 e6 10. Bd3 Nc6 11. Ne2 Nh5 12. O-O Nxf4 13. Nxf4 Bd6 14. Bb5 Bd7
15. Nd3 Qb6 16. Ba4 O-O 17. Nbc5 Rfd8 18. Rc1 Be8 19. f4 Nb4 20. Bxe8 Rxe8 21.
Qa4 Nxd3 22. Nxd3 Rec8 23. g3 g6 24. Kf2 a6 25. Ke2 Kf8 26. Rc2 Rxc2+ 27. Qxc2
Qb5 28. Rc1 Kg7 29. Kf2 a5 30. a4 Qb6 31. Qd1 h5 32. h4 Rb8 33. Rc3 Qd8 34. Qb3
b5 35. axb5 Qd7 36. Qa4 Rxb5 37. Rb3 Bb4 38. Ne5 Qb7 39. Kf3 Qa6 40. Nd3 Rb7 41.
Qa1 Qc4 42. Qd1 Rc7 43. g4 hxg4+ 44. Kxg4 Rc8 45. Ne5 Qb5 46. h5 gxh5+ 47. Kh3
f6 48. Nd3 Rg8 49. f5 exf5 50. Nf4 a4 51. Rd3 Bd6 52. Rd2 Bxf4 53. exf4 Kh6 54.
Qb1 Qe8 55. Kh2 Qe3 0-1

[Event "18th Voronezh Master Open 2014"]
[Site "Voronezh RUS"]
[Date "2014.06.19"]
[Round "7.8"]
[White "Timofeev, Artyom"]
[Black "Peskov, Alexsey"]
[Result "1-0"]
[WhiteTitle "GM"]
[BlackTitle "IM"]
[WhiteElo "2603"]
[BlackElo "2417"]
[WhiteFideId "4140419"]
[BlackFideId "14114046"]
[EventDate "2014.06.12"]

1. e4 c5 2. Nf3 e6 3. d4 cxd4 4. Nxd4 a6 5. Bd3 Nf6 6. O-O Qc7 7. Qe2 d6 8. c4
g6 9. Nc3 Bg7 10. Nf3 O-O 11. Rd1 Nbd7 12. Bf4 Nh5 13. Bg5 Bxc3 14. bxc3 e5 15.
Qe3 Nc5 16. Be2 f6 17. Bh6 Ng7 18. Ne1 Be6 19. Nc2 Na4 20. Rab1 b5 21. Rb4 Rfd8
22. Qd2 Rac8 23. Ne3 Qf7 24. a3 Ne8 25. f4 Bd7 26. Nd5 Bc6 27. Bg4 Bxd5 28. cxd5
Qa7+ 29. Kh1 Nxc3 30. Bxc8 Rxc8 31. Rc1 a5 32. Rxb5 Qd7 33. Rb2 Nxe4 34. Qe3
Rxc1+ 35. Qxc1 Nc5 36. Rb8 e4 37. f5 Kf7 38. fxg6+ hxg6 39. Be3 Nc7 40. Bxc5
dxc5 41. Rb7 Qe7 42. Qf4 1-0

[Event "18th Voronezh Master Open 2014"]
[Site "Voronezh RUS"]
[Date "2014.06.19"]
[Round "7.9"]
[White "Gavrilov, Alexei1"]
[Black "Kryakvin, Dmitry"]
[Result "0-1"]
[WhiteTitle "GM"]
[BlackTitle "GM"]
[WhiteElo "2491"]
[BlackElo "2581"]
[WhiteFideId "4104358"]
[BlackFideId "4153278"]
[EventDate "2014.06.12"]

1. e4 c5 2. Nf3 Nc6 3. Bb5 e6 4. O-O Nge7 5. Re1 a6 6. Bf1 d5 7. exd5 Qxd5 8.
Nc3 Qd8 9. d3 Nf5 10. Ne4 Be7 11. c3 b6 12. a3 a5 13. a4 O-O 14. Ng3 Nxg3 15.
hxg3 Ba6 16. Bf4 Ra7 17. Qc2 Rd7 18. Rad1 Bf6 19. g4 h6 20. Qb3 Rd5 21. Bg3 Re8
22. Nd2 Re7 23. Nc4 Rb7 24. Be2 b5 25. axb5 Bxb5 26. Bf3 Rdd7 27. Qa3 Be7 28.
Bxc6 Bxc6 29. Nxa5 Qc8 30. Nxc6 Qxc6 31. Qa2 Qb5 32. Rd2 Rd8 33. Be5 Bg5 34. c4
Qd7 35. Rdd1 f6 36. Bc3 e5 37. f3 Rb6 38. Qb1 Rd6 39. Ba5 Ra8 40. Bc3 Rd8 41.
Kf1 Qf7 42. Re4 h5 43. Qc2 Bf4 44. Be1 hxg4 45. fxg4 f5 46. gxf5 Qxf5 47. Re2
Rh6 48. Rf2 Rh1+ 49. Ke2 Qg4+ 50. Rf3 e4 51. dxe4 Qxg2+ 52. Rf2 Qg4+ 53. Rf3
Rxd1 54. Qxd1 Qg2+ 55. Kd3 Rxe1 56. Qxe1 Qxf3+ 57. Kc2 Be5 58. Qa5 Qe2+ 0-1